| 000 | 00447cam a22001457a 4500 | ||
|---|---|---|---|
| 008 | 180718b1996 xxu||||| |||| 00| 0 eng d | ||
| 082 | _aAPPPA 95-96/RAJ | ||
| 100 | _aRajkumar, Falguni | ||
| 245 |
_aNorth Eastern council _cby Falguni Rajkumar |
||
| 260 |
_aNew Delhi _bIndian Institute of Public Administration _c1996 |
||
| 300 | _a141p. | ||
| 650 | _aAPPPA | ||
| 650 | _aEconomic development - India | ||
| 650 | _aEconomics - Sociological aspects | ||
| 999 |
_c481490 _d481490 |
||